| 000 | 01134nam a2200217 i 4500 | ||
|---|---|---|---|
| 001 | 160754 | ||
| 003 | ES-MaACL | ||
| 005 | 20250729062630.0 | ||
| 008 | 931025q1826 sp |||| | spa d | ||
| 245 | 0 | 0 |
_aNonnullae de religione et politica theses in Gaditano S.P.N. Francisci Coenobio publico certamen deffendendae a PP. Fr. Josepho Sanchez, Fr. Didaco Quiros, Fr. Andrea Gonzalez, Fr. Georgio Diez, / _cquibus suffragabitur P. Fr. Josephus Maria Laso de la Vega... |
| 260 |
_aHispali : _bTypis Regiis, _c[1826?] |
||
| 300 |
_a24 p. ; _c20 cm. |
||
| 500 | 1 | _aSegún datos manuscritos en la portada las tesis fueron defendidas en distintos dias de los meses de enero a marzo de 1826. | |
| 530 | _aDisponible en formato digital. | ||
| 650 | 0 | 7 |
_aReligión _2embne _916797 |
| 650 | 7 |
_aPolítica _2embne _9140345 |
|
| 700 | 1 |
_aLaso de la Vega, José María. _970453 |
|
| 852 |
_aES-MaACL _jR-3093(6) _z-- Enc. hol., falto de la enc. original _z-- Enc. en un vol. facticio _x-- Olim: T-132-F |
||
| 856 |
_uhttp://bdh-rd.bne.es/viewer.vm?id=0000146769&page=1 _zBiblioteca Digital Hispánica |
||
| 999 |
_c160754 _d160754 |
||